00950cam a2200301Mi 4500001001300000003000600013005001700019008004100036020001800077020001500095035002100110040002900131100002000160245002700180250001300207260005400220300002700274336003000301337005000331338002900381650004400410650005700454650004200511653001900553653002900572700002300601700002400624ocn880528795OCoLC20220315134529.0100713s2008 xx 000 0 ger d a9780226065663 a0226065669 a(OCoLC)880528795 aCHVBKbgercCHVBKdOCLCQ1 aBooth, Wayne C.14aThe Craft of Research. a3. Aufl. aChicgo :bThe University of Chicago Press,c2008. a317 Seiten :bDiagramm aTextbtxt2rdacontent/ger aohne Hilfsmittel zu benutzenbn2rdamedia/ger aBandbnc2rdacarrier/ger 7aSozialwissenschaftliche Forschung.2bvk 7aWissenschaftliches Arbeiten.0(DE-588)4066571-92gnd 7aMethodologie.0(DE-588)4139716-22gnd aLernstrategien aLern- und Arbeitstechnik1 aColomb, Gregory G.1 aWilliams, Joseph M.